| 000 | 00544nam a22001697a 4500 | ||
|---|---|---|---|
| 003 | OSt | ||
| 005 | 20260127122836.0 | ||
| 008 | 260127b |||||||| |||| 00| 0 eng d | ||
| 040 | _cMRSPTU | ||
| 041 | _aEnglish | ||
| 100 | _aRajinder Partap Singh, Supervisor: Rakesh Kumar Singla | ||
| 245 | _aTo Study the Utilization of Fly Ash for Making Fal - G Bricks | ||
| 260 |
_bDepartment of Civil Engg. MRSPTU, Bathinda _c2014 |
||
| 650 | _aCivil Engineering | ||
| 856 | _uhttp://163.47.215.52:8080/jspui/handle/123456789/971 | ||
| 942 |
_2ddc _cTH _n0 |
||
| 999 |
_c10752 _d10752 |
||